000 01597nam0a2200349 4500
001 RU\NLR\BIBL_A\011823540
005 20181112155012.0
010 _a978-5-6040896-5-1
_93000
021 _aRU
_bКН-П-18-067131
_9КН-П-18-4835
035 _a(NLR Aleph) 011823540
035 _a(RuMoRGB)009738488
090 _a11973680
_c11973680
100 _a20181012d2018 u y0rusy50 ca
101 1 _arus
_cund
102 _aRU
105 _aac||z|||000zy
200 1 _aКардиология кошек
_fEtienne Côté, Kristin A. MacDonald, Kathryn M. Meurs, Meg M. Sleeper
_g[перевод и научная редакция: Кузнецов Петр Александрович, кандидат биологических наук, Каменева Анна Владимировна]
210 _aМосква
_cНаучная библиотека
_d2018
215 _a574 с.
_cил., табл., цв. ил., портр.
_d29
320 _aБиблиогр. в конце гл.
606 1 _aСердечно-сосудистая система
_xБолезни у кошек
_2nlr_sh2
_3RU\NLR\AUTH\6601644216
686 1 _aП871.53
686 1 _aП872.12
701 1 _aКотэ
_bЭ.
_gЭтьенн
_3RU\NLR\AUTH\770197032
701 1 _aМакДоналд
_bК.
_gКристин
_3RU\NLR\AUTH\770197037
701 1 _aМонтгомери Мёрс
_bК.
_gКэтрин
_3RU\NLR\AUTH\770197042
701 1 _aСлипер
_bМ. М.
_gМег М.
_3RU\NLR\AUTH\770197048
942 _cBOOK
980 _aNBR
980 _aNB